<?xml version="1.0" encoding="UTF-8"?>
<marc:record xmlns:marc="http://www.loc.gov/MARC21/slim">
   <marc:leader>00000nam a2200000 a 4500</marc:leader>
   <marc:datafield ind1="0" ind2="0" tag="245">
      <marc:subfield code="a">Diego Drachenzahn</marc:subfield>
   </marc:datafield>
   <marc:datafield ind1=" " ind2="1" tag="264">
      <marc:subfield code="a">Bad Rodach</marc:subfield>
      <marc:subfield code="b">Haba</marc:subfield>
      <marc:subfield code="c">794</marc:subfield>
   </marc:datafield>
   <marc:datafield ind1=" " ind2=" " tag="250">
      <marc:subfield code="a">1</marc:subfield>
   </marc:datafield>
   <marc:datafield ind1="1" ind2=" " tag="520">
      <marc:subfield code="a">Diego Drachenzahn ist ein ziemlich großer Unruhestifter. Mit seinem Feuer setzt er so manchen Busch in Flammen. Dumm ist nur, dass er ausgerechnet beim jährlichen Feuerspucker-Wettbewerb weit am Ziel vorbeifeuert und den Hut von Onkel Dragobert in Brand steckt. Aber auch Diegos Konkurrenten sind keine Meisterschützen und verfeheln oft genug ihr Ziel. Wer gewinnt wohl den feurigen Drachenwettkampf?</marc:subfield>
   </marc:datafield>
   <marc:datafield ind1=" " ind2=" " tag="500">
      <marc:subfield code="a">1 Drachenstadion, 4 Drachen, 3 Feuerkugeln, 24 Karten, 24 Plättchen, 1 Spielanleitung</marc:subfield>
   </marc:datafield>
   <marc:datafield ind1="0" ind2=" " tag="490">
      <marc:subfield code="v">0</marc:subfield>
   </marc:datafield>
</marc:record>
